000
00241nam a2200097Ia 4500
008
190216s9999||||xx |||||||||||||| ||und||
100
_a
Aravindakshan V
245
0
_a
Malayalam-Mooladhanam Oru Mughavura
260
_b
Current Books
942
_c
BK
999
_c
30295
_d
30295